FBS College Football Conferences 2025 - Statistics

General Stats
  • This quiz has been taken 86 times
  • The average score is 9 of 11
Answer Stats
Conference % Correct
Big 10
99%
SEC
99%
Big 12
95%
ACC
91%
Pac-12
85%
Sun Belt
85%
Mountain West
80%
American
77%
MAC
65%
Conference USA
58%
Independents
22%
No matching quizzes found
Score Distribution
Percent of People with Each Score
Percentile by Number Answered
Your Score History
You have not taken this quiz